000 00340nam a2200121Ia 4500
008 151213s9999 xx 000 0 und d
245 _aEconomics Performance Policy Issue & Priority Reforms Bangladesh
260 _aSouth Asia Region
_bThe World Bank
_c1997
300 _a3022 p.
650 _aEconomics
650 _aEconomics
999 _c2109
_d2109